Nové tendencie vo vývoji vrcholového vedenia akciových spoločností

Akciové spoločnosti (a.s.) ako forma organizácie podniku a ich vznik. Štruktúra orgánov akciových spoločností. Tradičný a nový model vrcholového riadenia akciových spoločností. Posilnenie úlohy externých členov v orgánoch akciových spoločností. Aplikácia zahraničných skúseností v domácej praxi riade...

Descrizione completa

Salvato in:
Dettagli Bibliografici
Autore principale: Slávik, Štefan, 1955-
Natura: Capitolo di libro
Lingua:slovacco
Soggetti:
Tags: Aggiungi Tag
Nessun Tag, puoi essere il primo ad aggiungerne!!

MARC

LEADER 00000naa a2200000 4500
001 r030476
005 20240502071329.6
041 0 |a slo 
044 |a SK 
245 1 0 |a Nové tendencie vo vývoji vrcholového vedenia akciových spoločností  |c Štefan Slávik 
520 |a Akciové spoločnosti (a.s.) ako forma organizácie podniku a ich vznik. Štruktúra orgánov akciových spoločností. Tradičný a nový model vrcholového riadenia akciových spoločností. Posilnenie úlohy externých členov v orgánoch akciových spoločností. Aplikácia zahraničných skúseností v domácej praxi riadenia a vedenia a.s. 
610 2 0 |a spoločnosti akciové 
610 2 0 |a akcionári 
610 2 0 |a manažment 
610 2 0 |a riadenie vrcholové 
610 2 0 |a legislatíva 
610 2 0 |a svet 
610 2 0 |a Slovensko 
100 1 |a Slávik, Štefan, 1955-